In Diggens and others' application (Record no. 65495)

MARC details
000 -LEADER
fixed length control field 01457cam a2200229 4500
001 - CONTROL NUMBER
control field ABS63225
008 - FIXED-LENGTH DATA ELEMENTS--GENERAL INFORMATION
fixed length control field 000000n2000 000 0 eng u
035 ## - SYSTEM CONTROL NUMBER
System control number (Sirsi) u109730
245 ## - TITLE STATEMENT
Title In Diggens and others' application
260 ## - PUBLICATION, DISTRIBUTION, ETC.
Date of publication, distribution, etc. 2000
490 ## - SERIES STATEMENT
Series statement Estates Gazette
Volume/sequential designation [2000] 48 EG 121-122(2)
520 ## - SUMMARY, ETC.
Summary, etc. The applicants made an application, under the Law of Property Act 1925 s84(1), for the discharge or modification of a restriction, so that five houses could be built on their respective land. 59 objections were made and admitted. The applicants decided that a further restriction required discharge or modification and acting on advice, requested that their original application be amended to include the second restriction. Objectors argued that the Lands Tribunal Rules 1996 did not allow this. The request for an amendment was refused on the grounds that the Lands Tribunal Rules do not contain a provision to allow the application to be amended to include a second restriction. If an application requires the discharge or modification of a second restriction, a further application under the Law of Property Act 1925 s84(1) must be made.
590 ## - LOCAL NOTE (RLIN)
Local note ABS
650 ## - SUBJECT ADDED ENTRY--TOPICAL TERM
Topical term or geographic name entry element RESTRICTIVE COVENANTS
650 ## - SUBJECT ADDED ENTRY--TOPICAL TERM
Topical term or geographic name entry element MODIFICATION
650 ## - SUBJECT ADDED ENTRY--TOPICAL TERM
Topical term or geographic name entry element DISCHARGE
650 ## - SUBJECT ADDED ENTRY--TOPICAL TERM
Topical term or geographic name entry element LANDS TRIBUNAL RULES 1996
650 ## - SUBJECT ADDED ENTRY--TOPICAL TERM
Topical term or geographic name entry element PLANNING PERMISSION
650 ## - SUBJECT ADDED ENTRY--TOPICAL TERM
Topical term or geographic name entry element LAW OF PROPERTY ACT 1925 S84(1)
690 ## - LOCAL SUBJECT ADDED ENTRY--TOPICAL TERM (OCLC, RLIN)
Topical term or geographic name as entry element PROPERTY AND LAND LAW-CASE LAW
942 ## - ADDED ENTRY ELEMENTS (KOHA)
Suppress in OPAC 0
Holdings
Withdrawn status Lost status Source of classification or shelving scheme Damaged status Not for loan Home library Current library Shelving location Date acquired Total Checkouts Full call number Barcode Date last seen Copy number Price effective from Koha item type
    Dewey Decimal Classification     London London Journal article 05/12/2000   ABS63225 109730-1001 06/08/2019 1 06/08/2019 Law report